000 00453nam a2200181 a 4500
001 5404
003 CO-ViMGA
008 141112s2004 ck r 000 u spa d
040 _aCO-ViMGA
_bspa
_cCO-ViMGA
082 0 4 _aU861.4 Z677
100 1 _aZorrilla de San Martin, Juan
_93711
245 1 0 _aTabare
250 _a2a
260 _aSantafé de Bogotá :
_bPanAméricana,
_c1993
300 _a203 p
650 1 4 _aPOESIA URUGUAYA
_96574
942 _2ddc
_cBK
999 _c17394
_d17394